Relaciones de poder, de producción y parentesco en la edad media y moderna: aproximación a su estudio
Kaydedildi:
| Yazar: | |
|---|---|
| Materyal Türü: | Kitap |
| Dil: | İspanyolca |
| Baskı/Yayın Bilgisi: |
Madrid, España
Consejo Superior de Investigación Científicas
1990
|
| Seri Bilgileri: | Biblioteca de historia,
1 |
| Konular: | |
| Etiketler: |
Etiketle
Etiket eklenmemiş, İlk siz ekleyin!
|
MARC
| LEADER | 00000nam a2200000 a 4500 | ||
|---|---|---|---|
| 001 | UCX2783 | ||
| 003 | CL-VaPUC | ||
| 005 | 20230321165330.0 | ||
| 008 | 910809e19900000SP |||||||||||||||||spa|d | ||
| 999 | |c 223730 |d 223728 | ||
| 040 | |c Pontificia Universidad Católica de Valparaíso | ||
| 082 | 0 | 4 | |a 946.02 PAS 1990 |2 21 |
| 100 | |a Pastor, Reyna |e compiladora |9 318878 | ||
| 245 | 1 | 0 | |a Relaciones de poder, de producción y parentesco en la edad media y moderna: |b aproximación a su estudio |
| 260 | |a Madrid, España |b Consejo Superior de Investigación Científicas |c 1990 | ||
| 300 | |a 465 páginas | ||
| 490 | 0 | |a Biblioteca de historia, |v 1 | |
| 583 | |a last modification |c 19910809 00:00:00 |k Rodrigo Vera | ||
| 650 | 0 | |a Historia |9 255047 | |
| 852 | |a BIBCUR | ||
| 942 | |c BK |2 ddc | ||
| 945 | |d 19910809 00:00:00 | ||
| 952 | |0 0 |1 0 |2 ddc |4 0 |6 946_020000000000000_PAS_1990 |7 0 |8 A |9 219784 |a BIBHIS |b BIBHIS |d 2019-11-15 |i 2884739 |o 946.02 PAS 1990 |p 2884739 |r 2025-01-20 |t 1 |w 2019-11-15 |y BK |k HIS | ||